000
00270nam a22001217a 4500
008
181019b xxu||||| |||| 00| 0 eng d
041
_a
eng
080
_a
617
100
_a
8
101
_a
ORT
245
_a
A Color Atlas of Foot Disorders
_c
Luces, J.R
942
_2
udc
_c
BK
999
_c
50300
_d
50300